000 00709nam a2200217Ia 4500
001 17686
003 GE_BSU
008 181216s||||||||xx |||||||||||||| ||und||
040 _cGE_BSU
080 _a821.353.1-31
100 _aლორთქიფანიძე,კონსტანტინე
245 _aკოლხეთის ცისკარი
245 _bრომანი
245 _cრედ.:რ.მარგიანი;ილ.ე.ამაშუკელი
260 _aთბილისი
260 _bლიტერატურა და ხელოვნება
260 _c1963
300 _a359გვ.;20სმ.
653 _aრომანი
942 _cBK
999 _c50734
_d50734